000 00579cam a2200205 4500
001 J110166
008 000000n2000 000 0 eng u
035 _a(Sirsi) u110166
050 _a690.03
110 _aD. J. Freeman
_9794
245 4 _aThe language of construction
260 _aLondon
_bD J Freeman
_c2000
300 _a50p. ; 21cm.
520 _aA dictionary of common terms used in the Construction industry.
650 _aDEFINITIONS
650 _aDICTIONARIES
650 _aTERMS
690 _aBUILDING AND CONSTRUCTION-HANDBOOKS AND REFERENCE
942 _n0
999 _c101064
_d101064